General elections in pakistan / (Record no. 15795)
[ view plain ]
| 000 -LEADER | |
|---|---|
| fixed length control field | 00572nam a2200193 a 4500 |
| 001 - CONTROL NUMBER | |
| control field | ASINB00E08P648 |
| 005 - DATE AND TIME OF LATEST TRANSACTION | |
| control field | 20170105102925.0 |
| 008 - FIXED-LENGTH DATA ELEMENTS--GENERAL INFORMATION | |
| fixed length control field | 131211s2012 xxu eng d |
| 040 ## - CATALOGING SOURCE | |
| Original cataloging agency | 0 |
| 082 ## - DEWEY DECIMAL CLASSIFICATION NUMBER | |
| Classification number | 324.209549 |
| Author Mark | MUH 2012 |
| 100 1# - MAIN ENTRY--PERSONAL NAME | |
| Personal name | Muhammad, Hasan. |
| 245 10 - TITLE STATEMENT | |
| Title | General elections in pakistan / |
| Statement of responsibility, etc. | Hasan Muhammad. |
| 260 ## - PUBLICATION, DISTRIBUTION, ETC. | |
| Place of publication, distribution, etc. | [S.l.] : |
| Name of publisher, distributor, etc. | Khalid Sharif Mavra, |
| Date of publication, distribution, etc. | 2012. |
| 300 ## - PHYSICAL DESCRIPTION | |
| Extent | 1 v. (unpaged) |
| 490 1# - SERIES STATEMENT | |
| Series statement | 1947-2012. |
| 830 #0 - SERIES ADDED ENTRY--UNIFORM TITLE | |
| Uniform title | 1947-2012. |
| 856 40 - ELECTRONIC LOCATION AND ACCESS | |
| Materials specified | Amazon.com |
| Uniform Resource Identifier | <a href="http://www.amazon.com/exec/obidos/ASIN/B00E08P648/chopaconline-20">http://www.amazon.com/exec/obidos/ASIN/B00E08P648/chopaconline-20</a> |
| 942 ## - ADDED ENTRY ELEMENTS (KOHA) | |
| Source of classification or shelving scheme | |
| Koha item type | Book |
| Withdrawn status | Lost status | Damaged status | Not for loan | Collection code | Permanent Location | Current Location | Shelving location | Date acquired | Total Checkouts | Full call number | Barcode | Date last seen | Price effective from | Koha item type |
|---|---|---|---|---|---|---|---|---|---|---|---|---|---|---|
| Centre for International Peace & Stability (CIPS) | Centre for International Peace & Stability (CIPS) | General Stacks | 10/02/2013 | 324.209549 MUH 2012 | CIPS0002453 | 12/11/2013 | 12/11/2013 | Book |
